000 00508nam a2200181Ia 4500
999 _c1694
_d1694
003 OSt
005 20201001151709.0
008 190216s9999||||xx |||||||||||||| ||und||
020 _a9788173195136
040 _coclc
082 _a571.6
_bSEN/C
100 _aSen, Sumitra
_95290
245 0 _aCytology And Genetics /
_cSumitra Sen ; Dipak Kumar Kar
260 _bNarosa Pubs House,
_aNew Delhi:
300 _a404p
650 _aBotany
942 _cBK
_2ddc
_h571.6
_iSEN/C
_k571.6
_mSEN/C